000 00360nam a2200145Ia 4500
008 230917s9999||||xx |||||||||||||| ||und||
040 _e110480
_aMAIN
041 _aEnglish
082 _a658.15 K849C
100 _aKothari, Rajesh
245 0 _aContemporary financial management
260 _aNew Delhi
_bMacmillan
_c2005
300 _a468p p.
942 _cBK
999 _c130201
_d130201